000 00297nam a22001337a 4500
008 181001b xxu||||| |||| 00| 0 eng d
020 _a9781412987561
041 _aeng
080 _a371
100 _a25
101 _aEDU
245 _aSchool discipline and safety
_cEckes,S.E
942 _2udc
_cBK
999 _c48728
_d48728